Macro and Micro Element Composition in Indigenous Solanum nigrum and Gynadropsis gynandra From Two Agroecological Zones of Kisii, Kenya (Record no. 216020)
[ view plain ]
| 000 -LEADER | |
|---|---|
| fixed length control field | 00667nam a22001577a 4500 |
| 008 - FIXED-LENGTH DATA ELEMENTS--GENERAL INFORMATION | |
| fixed length control field | 250812b |||||||| |||| 00| 0 eng d |
| 050 ## - LIBRARY OF CONGRESS CALL NUMBER | |
| Classification number | THE QK 867 .K4 M64 2025 |
| Item number | C.1 |
| 100 ## - MAIN ENTRY--PERSONAL NAME | |
| Personal name | Moenga, Mercilline Nyamokami |
| 245 ## - TITLE STATEMENT | |
| Title | Macro and Micro Element Composition in Indigenous Solanum nigrum and Gynadropsis gynandra From Two Agroecological Zones of Kisii, Kenya |
| 260 ## - PUBLICATION, DISTRIBUTION, ETC. | |
| Place of publication, distribution, etc. | Kisii |
| Name of publisher, distributor, etc. | Kisii University |
| Date of publication, distribution, etc. | 2025 |
| 300 ## - PHYSICAL DESCRIPTION | |
| Extent | xviii, 93p.:ill. |
| 500 ## - GENERAL NOTE | |
| General note | Includes bibliographical references |
| 650 ## - SUBJECT ADDED ENTRY | |
| Topical term or geographic name entry element | 1. Solanum nigrum—Kenya. 2. Gynandropsis gynandra—Kenya. 3. Plants—Mineral content. 4. Agroecology—Kenya. |
| 942 ## - ADDED ENTRY ELEMENTS (KOHA) | |
| Source of classification or shelving scheme | Library of Congress Classification |
| Koha item type | Reference |
| Withdrawn status | Lost status | Source of classification or shelving scheme | Damaged status | Not for loan | Collection | Home library | Current library | Date acquired | Inventory number | Total checkouts | Full call number | Barcode | Date last seen | Copy number | Price effective from | Koha item type |
|---|---|---|---|---|---|---|---|---|---|---|---|---|---|---|---|---|
| Library of Congress Classification | Special Research | Kisii University Library | Kisii University Library | 08/12/2025 | 109436 | THE QK 867 .K4 M64 2025 | 000000024326 | 08/12/2025 | C.1 | 08/12/2025 | Reference |